European journal of cancer.
Tallennettuna:
| Uusi nimeke: | European journal of cancer & clinical oncology |
|---|---|
| Aineistotyyppi: | Aikakauslehti |
| Kieli: | English French German |
| Julkaistu: |
Oxford, Elmsford, N.Y., :
Pergamon Press.
|
| Aiheet: |
| LEADER | 02921nas a2200625 a 4500 | ||
|---|---|---|---|
| 001 | c000185960 | ||
| 003 | CARM | ||
| 005 | 20050908130829.0 | ||
| 008 | 770311d19651981enkmr1p 0 a0eng d | ||
| 010 | |a sn 79005586 | ||
| 019 | 1 | |a 901408 |z 45772402 |5 LACONCORD2021 | |
| 022 | 0 | |a 0014-2964 | |
| 030 | |a EJCAAH | ||
| 035 | |a (OCoLC)1568455 |5 LACONCORD2021 | ||
| 040 | |a LC |b eng |c LC |d LC | ||
| 041 | 0 | |a eng |a fre |a ger | |
| 042 | |a nsdp | ||
| 060 | 0 | 0 | |a W1 EU72 |
| 060 | 0 | 0 | |a W1 |b EU72 |
| 082 | 0 | 4 | |a 616.9 |
| 210 | 0 | |a Eur. j. cancer | |
| 222 | 0 | |a European journal of cancer | |
| 245 | 0 | 0 | |a European journal of cancer. |
| 246 | 3 | 1 | |a Journal européen de cancerologie |
| 246 | 3 | 1 | |a Europäische Zeitschrift für Cancerologie |
| 260 | |a Oxford, |a Elmsford, N.Y., : |b Pergamon Press. | ||
| 300 | |a 17 v. : |b ill. ; |c 30 cm. | ||
| 362 | 0 | |a v. 1-17, no. 6; June 1965-June 1981. | |
| 510 | 0 | |a Nuclear science abstracts |x 0029-5612 | |
| 510 | 0 | |a Biological abstracts |x 0006-3169 | |
| 510 | 0 | |a Chemical abstracts |x 0009-2258 | |
| 510 | 0 | |a Index medicus |x 0019-3879 | |
| 530 | |a Also issued online. | ||
| 546 | |a English, French or German. | ||
| 555 | |a Vols. 1-10 (1967-1970). | ||
| 650 | 0 | |a Cancer |v Periodicals. | |
| 770 | 0 | |t European journal of cancer. Supplement |x 0892-3620 | |
| 785 | 0 | 0 | |t European journal of cancer & clinical oncology |x 0277-5379 |w (DLC)sc 82005161 |w (OCoLC)7590306 |g 1981 |
| 852 | 8 | |b CARM |h A2:AL30B0 |i D08362 |p 0258887 |f SE | |
| 852 | 8 | |b CARM |h A2:AM24B0 |i D08410 |p 0258944 |f SE | |
| 852 | 8 | |b CARM |h A2:AM24B0 |i D08414 |p 0258945 |f SE | |
| 852 | 8 | |b CARM |h A2:AM24B0 |i D08409 |p 0258946 |f SE | |
| 852 | 8 | |b CARM |h A2:AM24B0 |i D08407 |p 0258947 |f SE | |
| 852 | 8 | |b CARM |h A2:AM30B0 |i D08387 |p 0258247 |f SE | |
| 852 | 8 | |b CARM |h A2:AM36B0 |i D08372 |p 0258981 |f SE | |
| 866 | 0 | |a 1(1965)-17:06(1981:06) | |
| 866 | 0 | |a 1(1965)-17:06(1981:06) | |
| 999 | f | f | |i 824a387a-ed7f-5ab1-8c3a-de54e86c25fe |s f7983ed6-a1eb-5c2e-947f-2a92016fa16c |
| 952 | f | f | |p Can circulate |a CAVAL |b CAVAL |c CAVAL |d CARM 1 Store |e D08387 |f A2:AM30B0 |h Other scheme |i book |k 1(1965) |m 0258247 |
| 952 | f | f | |p Can circulate |a CAVAL |b CAVAL |c CAVAL |d CARM 1 Store |e D08410 |f A2:AM24B0 |h Other scheme |i book |k 2(1966)-6(1970) |m 0258944 |
| 952 | f | f | |p Can circulate |a CAVAL |b CAVAL |c CAVAL |d CARM 1 Store |e D08372 |f A2:AM36B0 |h Other scheme |i book |k 8(1972),11:01(1975:01)-11:06(1975:06) |m 0258981 |
| 952 | f | f | |p Can circulate |a CAVAL |b CAVAL |c CAVAL |d CARM 1 Store |e D08414 |f A2:AM24B0 |h Other scheme |i book |k 9(1973)-10(1974),11:07(1975:07)-13:06(1977:06)+suppl.(1978) |m 0258945 |
| 952 | f | f | |p Can circulate |a CAVAL |b CAVAL |c CAVAL |d CARM 1 Store |e D08409 |f A2:AM24B0 |h Other scheme |i book |k 13:07(1977:07)-15(1979),17:01(1981:01)-17:06(1981:06)+suppl.(1979) |m 0258946 |
| 952 | f | f | |p Can circulate |a CAVAL |b CAVAL |c CAVAL |d CARM 1 Store |e D08362 |f A2:AL30B0 |h Other scheme |i book |k 7(1971) |m 0258887 |
| 952 | f | f | |p Can circulate |a CAVAL |b CAVAL |c CAVAL |d CARM 1 Store |e D08407 |f A2:AM24B0 |h Other scheme |i book |k 16(1980) |m 0258947 |